Statistiques concernant QCM football 2 (difficile)

Cliquez ici pour prendre le quiz!

Statistiques générales

  • Ce quiz a été pris 123 fois
    (82 depuis la dernière actualisation)
  • Le résultat moyen est 9 sur 20

Statistiques - réponses

QuestionRéponse% Correct
Quel joueur correspond à Aleksandar Mitrović ?
80%
Quel club n'a jamais joué en C1 (ligue des champions) ?Sassuolo
80%
Qule est le stade San Siro ?
73%
Qui a finis premier de ligue 1 en 2012 ?Montpellier
73%
Quel joueur légendaire a été surnommé "Il Divin Codino" (Le Divin Queue de Cheval)?Baggio
72%
Qui détient le record du plus grand nombre de buts marqués en une seule saison de la Bundesliga allemande?Robert Lewandowski
72%
Quel club a connu déjà au moins une seule relégation ?Olympique de Marseille
59%
Quel joueur n'a jamais remporté de prix Puskas ?Lionel Messi
55%
Quelle équipe national a décidé de déclarer forfait pour la coupe du monde 1950 car ils voulaient jouer pieds nus ?Inde
53%
Quel joueur n’a pas été formé au PSG ?Pierre Kalulu
49%
En quelle année la C1 a été remplacé par la ligue des champions ?1993
41%
Combien de ballons d'or a obtenu la Brésil ?5
36%
Quel est le joueur le plus capé de l’histoire en équipe nationale ?Cristiano Ronaldo
33%
Quel était l’arbitre du match France/Croatie à la finale de la coupe du monde en 2018 ?Néstor Pitana
33%
Qui a gagné la ligue des champions en 2001 ?Bayern Munich
28%
En quel année le carton rouge a fais son apparition ?1966 lors d'un match entre l'Argentine et l'Angleterre
24%
Quel rencontre n'est pas considéré comme un derby ?Copenhague-Midtjylland, le 'New Firm'
23%
Quelle équipe nationale n'a jamais disputé la coupe du monde ?Venezuela
17%
Quelle équipe a remporté la première Coupe du Monde Féminine de la FIFA en 1991, et dans quel pays cela s'est-il déroulé?Etats-Unis, Chine
9%
Quel est le match qui a eu le plus de téléspectateurs en simultané ?Brésil-France (Finale de coupe du monde 1998)
5%

Distribution des résultats

Percentile par nombre de réponses

% des personnes avec chaque résultat

Votre développement - résultats

Vous n’avez pas pris ce quiz depuis la dernière actualisation